Library Banner

Prealgebra (Record no. 13839)

MARC details
000 -LEADER
fixed length control field 00407nam a2200181Ia 4500
001 - CONTROL NUMBER
control field 13132
008 - FIXED-LENGTH DATA ELEMENTS--GENERAL INFORMATION
fixed length control field 140402s9999 xx 000 0 und d
020 ## - INTERNATIONAL STANDARD BOOK NUMBER
International Standard Book Number 0-534-95448-0
040 ## - CATALOGING SOURCE
Transcribing agency PK-LaUMT
082 ## - DEWEY DECIMAL CLASSIFICATION NUMBER
Classification number 513.2
Item number YOS-P
100 ## - MAIN ENTRY--PERSONAL NAME
Personal name Yoshiwara, Katherine
245 ## - TITLE STATEMENT
Title Prealgebra
Statement of responsibility, etc Yoshiwara, Katherine
260 ## - PUBLICATION, DISTRIBUTION, ETC. (IMPRINT)
Date of publication, distribution, etc 1997
300 ## - PHYSICAL DESCRIPTION
Extent 444 p.
546 ## - LANGUAGE NOTE
Language note EN
650 ## - SUBJECT ADDED ENTRY--TOPICAL TERM
Topical term or geographic name as entry element Mathematics
942 ## - ADDED ENTRY ELEMENTS (KOHA)
Koha item type Books
Holdings
Withdrawn status Lost status Damaged status Not for loan Home library Current library Date acquired Total Checkouts Full call number Barcode Date last seen Price effective from Koha item type
        UMT Main Campus UMT Main Campus 2014-04-02   513.2 YOS-P 14677 2014-04-21 2014-04-21 Books